| 000 | 00410nam a22001457a 4500 | ||
|---|---|---|---|
| 020 | _qHB. | ||
| 040 | _cFIZZA ISHAQ | ||
| 082 |
_a423 _bWEB |
||
| 100 |
_a Webster, Merriam. _9131955 |
||
| 245 |
_aMerriam-Webster's Collegiate Dictionary / _c Merriam-Webster. |
||
| 250 | _a10th ED. | ||
| 260 |
_aNew York: _bMerriam-Webster SPRINGFIELD, _c2001. |
||
| 300 |
_a38a ; 1557 P. ; ill . ; _c25 cm, |
||
| 942 |
_2ddc _cBK |
||
| 999 |
_c617302 _d617302 |
||